| 000 | 01462nam a2200277Ia 4500 | ||
|---|---|---|---|
| 999 |
_c34701 _d34701 |
||
| 001 | 487 | ||
| 003 | GE_BSU | ||
| 005 | 20200128170857.0 | ||
| 008 | 181216s2006||||ge |||||||||||||| ||geo|| | ||
| 020 | _a9994065556 | ||
| 040 | _cGE_BSU | ||
| 041 | _ageo | ||
| 080 | _a796.8 ფ-19 | ||
| 245 |
_aფალავანთფალავანი : _bგივი კარტოზია / _cიდეის ავტ.: გურამ ბექაია, ჯიმი ხეცურიანი ; პროექტის ავტ.: მანანა კარტოზია ; ფოტ.: მიხეილ ზარგარიანი და სხვ. ; წინათქმა: ნუგზარ შატაიძე]. |
||
| 264 |
_aთბილისი : _bისინდი, _c2006. |
||
| 300 |
_a264 გვ. _b24სმ. |
||
| 500 | _aგარეკანზე სათ.: გივი კარტოზია. | ||
| 541 | _h20 ლ | ||
| 600 |
_aკარტოზია გივი _96457 |
||
| 653 | _aქართველი მოჭიდავეები | ||
| 653 | _aბერძნულ-რომაული ჭიდაობა | ||
| 700 |
_aბექაია, გურამ _eავტორი _91690 |
||
| 700 |
_aხეცურიანი, ჯიმი _eავტორი _96458 |
||
| 700 |
_aზარგარიანი, მიხეილ და სხვ. _eავტორი _96459 |
||
| 942 |
_cBK _2udc |
||